ՀՀ Գիտությունների ազգային ակադեմիայի հիմնարար գիտական գրադարան  =   Fundamental Scientific Library of NAS RA

Введение в синергетику : (Record no. 178995)

MARC details
000 -LEADER
fixed length control field 01179nam a2200265 u 4500
001 - CONTROL NUMBER
control field 000486482
003 - CONTROL NUMBER IDENTIFIER
control field AM-YeHGA
005 - DATE AND TIME OF LATEST TRANSACTION
control field 20250617134252.0
008 - FIXED-LENGTH DATA ELEMENTS--GENERAL INFORMATION
fixed length control field 060503s2004 ||| r 000 0 rus d
020 ## - INTERNATIONAL STANDARD BOOK NUMBER
International Standard Book Number 5354005329
040 ## - CATALOGING SOURCE
Original cataloging agency AM-YeHGA
041 0# - LANGUAGE CODE
Language code of text/sound track or separate title rus
090 ## - LOCALLY ASSIGNED LC-TYPE CALL NUMBER (OCLC); LOCAL CALL NUMBER (RLIN)
-- 180443
100 1# - MAIN ENTRY--PERSONAL NAME
Personal name Трубецков, Дмитрий Иванович
245 10 - TITLE STATEMENT
Title Введение в синергетику :
Remainder of title Хаос и структуры /
Statement of responsibility, etc. Д.И. Трубецков.
250 ## - EDITION STATEMENT
Edition statement 2-е изд., испр. и доп.
260 ## - PUBLICATION, DISTRIBUTION, ETC.
Place of publication, distribution, etc. Москва :
Name of publisher, distributor, etc. УРСС,
Date of publication, distribution, etc. 2004.
300 ## - PHYSICAL DESCRIPTION
Extent 235 с. :
Other physical details ил.
440 #0 - SERIES STATEMENT/ADDED ENTRY--TITLE
Title Синергетика: от прошлого к будущему
504 ## - BIBLIOGRAPHY, ETC. NOTE
Bibliography, etc. note Библиогр.: с. 232-235
520 ## - SUMMARY, ETC.
Summary, etc. Книга может быть полезна учащимся физико-математических классов, студентам первых курсов естественнонаучных специальностей университетов
653 0# - INDEX TERM--UNCONTROLLED
Uncontrolled term Автоматика и телемеханика
653 0# - INDEX TERM--UNCONTROLLED
Uncontrolled term Самонастраивающиеся системы
653 0# - INDEX TERM--UNCONTROLLED
Uncontrolled term Синергетика
Holdings
Withdrawn status Lost status Damaged status Not for loan Collection Home library Current library Date acquired Total checkouts Full call number Barcode Date last seen Price effective from Koha item type Public note
        General Fundamental Scientific Library Fundamental Scientific Library 28/12/2016   534 120651610 28/12/2016 28/12/2016 Գրքեր / Books 30 Days Loan


ՀՀ ԳԱԱ հիմնարար գիտական գրադարան
ՀՀ,Երևան 0019
Մարշալ Բաղրամյան 24/6
հեռախոս:(374-10) 52-47-50
Հետադարձ կապ

All site content, except where otherwise noted, is licensed under a
Creative Commons License